000
00250nam a2200109 4500
082
_a
629.83NAQ
100
_a
Naqvi, Nasreen
245
_a
Control Systems Engineering
260
_a
Karachi:
_b
Royal Book Company,
_c
1994.
300
_a
348p. ;
942
_c
BK
999
_c
9444
_d
9444